Descripción de los terrenos pliocénicos de la cuenca del Bajo Llobregat y llano de Barcelona / por Jaime Almera
Descripción Física:
356 p., [6] làm., XXIX làm., XL p. ; 24 cm
MARC
| LEADER | 00000nam a2200000Ia 4500 | ||
|---|---|---|---|
| 001 | 860 | ||
| 008 | 160829s1894 xx 000 0 cat d | ||
| 080 | |a C-1-253 | ||
| 100 | |a Almera, Jaime |9 27570 | ||
| 245 | |a Descripción de los terrenos pliocénicos de la cuenca del Bajo Llobregat y llano de Barcelona / por Jaime Almera | ||
| 260 | |a Barcelona : |b (Imp. de Henrich), |c 1894 | ||
| 300 | |a 356 p., [6] làm., XXIX làm., XL p. ; |c 24 cm | ||
| 590 | |a Abans del títol: Mapa geológico de la província de Barcelona. | ||
| 650 | |a Estratigrafia |x Pliocè |9 37480 | ||
| 650 | |a Geologia |x Baix Llobregat |9 37481 | ||
| 650 | 0 | |a Geologia |z Barcelona (Catalunya) |9 24990 | |
| 650 | |a Paleontologia |x Baix Llobregat |x Plistocè |9 37483 | ||
| 650 | |a Paleontologia |x Barcelona |x Plistocè |9 37484 | ||
| 901 | |a Arxiu | ||
| 942 | |n 1 | ||
| 952 | |0 0 |1 0 |4 0 |6 C1253 |7 1 |9 47892 |a Arxiu |b Arxiu |d 2016-12-01 |l 0 |o C-1-253 |p 860 |r 2016-12-01 00:00:00 |w 2016-12-01 |y ARXIU | ||
| 999 | |c 51692 |d 51692 | ||